000 01156nam a22003377a 4500
003 CHAP
005 20220329141753.0
008 971013s1984 r 00010 d
010 _a73550
011 _a74522
035 _a84081
040 _cCHAP
090 _aTesis
100 0 0 _aGarcía Vilchis, Juventino.
_946722
245 _aDescripción y análisis de los componentes teóricos de un proyecto agropecuario
260 _aMéxico, D.F. :
_bEl autor,
_c1984
300 _a85 h.
502 _aTesis (Médico Veterinario Zootecnista) -- UNAM. Fac. de Medicina Veterinaria y Zootecnia
590 _aALEPH
_b10
_c20130110
_lUCH01
_h1416
590 _aBATCH-UPD
_b10
_c20130110
_lUCH01
_h0424
590 _aBATCH-UPD
_b10
_c20130410
_lUCH01
_h0059
590 _aBATCH-UPD
_b10
_c20130410
_lUCH01
_h1552
590 _aBATCH-UPD
_b10
_c20130914
_lUCH01
_h0450
590 _aCONVERSION
_b10
_c20130109
_lUCH01
_h1340
650 1 4 _aAves de corral
_xCostos de producción.
_98641
650 1 4 _aAvicultura
_xAspectos económicos.
_98707
650 1 4 _aProyectos industriales.
_992531
901 _aBK
942 _cTESIS
949 _bBC
_cTES
_d-39214
_eTS1
_i84081
_si
999 _c73550
_d73550